LEADER 00981nam a2200217 i 4500 001 000000158703 003 CaOOAMICUS 005 20110406000000.0 008 110406s1898 fr u000 u fre u 013 $a136066 040 $aSeMil$bita 245 14$aLes épées d'honneur envoyées par les papes aux rois de Portugal au 16. siècle. 260 $aParis :$bAlphonse Picard et fils,$c1898. 300 $a76 p. ;$c25 cm. 500 $aIn preliminari : Dedica autografa dell'autore. 773 0 $aMac Swiney de Mashanaglass, P.$tPortugal et le Saint-Siège.$dParis : Alphonse Picard et fils, 1898-1899.$g1$w()17239 773 0 $t[Miscellanea.$w()24688 850 $aSeMil 852 $aSeMil$W1$xVenegono$y1$m5A II 9/8 A FA$j110308$B110308$CSeMilBibl$Z2$F119973 $8I 996 $6245$aLes épées d'honneur envoyées par les papes aux rois de Portugal au 16. siècle$9(OLS)http://semarc/title/140293 996 $6260$aParis :$bAlphonse Picard et fils$9(OLS)http://semarc/publisher/34600 LEADER 00726nab a2200145 i 4500 001 000000266869 003 CaOOAMICUS 005 20070709000000.0 008 070709n xx uu u0 0und r 013 $a11185 040 $aSeMil$bita 245 13$aIl "miracolo" di Morazzone :$bpiù di centomila fedeli in paese hanno pregato davanti alla statua della Madonna di Fatima. - 27 p. - Titolo principale dalla prima pagina. 500 $a8 LUGLIO 2007. 773 0 $t[2007 : luglio-settembre].$dVarese : Ediluce, 2007.$w()162566 996 $6245$aIl "miracolo" di Morazzone :$bpiù di centomila fedeli in paese hanno pregato davanti alla statua della Madonna di Fatima. - 27 p. - Titolo principale dalla prima pagina.$9(OLS)http://semarc/title/358099